00783nam a2200229Ii 45000010005000000030009000050080041000140200015000550400033000700410008001030820017001111000030001282450045001582640053002033000012002563360026002683370028002943380027003229400050003499990017003999520137004161148CO-ViMGA241108s9999||||xx |||||||||||||| ||und|| a980251084X aCO-ViMGAbspaerdacCO-ViMGA0 aspa04a371.897 F72t1 aCélestin Freinet94561510aEl texto libre :bel periódico escolar 1aCaracas, Venezuela : Laboratorio Educativo, 2000 avolumen atextbtxt2rdacontent aunmediatedbn2rdamedia avolumebnc2rdacarrier aidficha_siabuc: 1126. -- ficha_no_siabuc:1148 c40143d40143 001040708001aMEVIGERRbMEVIGERRcGENd2004-06-28o371.897 F72tpECA14737r2024-11-25 15:07:41tEj.1w2024-11-25yBKz1126 | 1368